Валюты стран Европы - Statistics

General Stats
  • This quiz has been taken 5 times
  • The average score is 18 of 26
Answer Stats
Страны Валюты % Correct
1 А́встрия (Австри́йская Респу́блика) Е́вро
100%
2 Белару́сь (Респу́блика Белару́сь) Ру́бль (Белару́ский ру́бль)
100%
3 Бе́льгия (Короле́вство Бе́льгия) Е́вро
100%
4 Болга́рия (Респу́блика Болга́рия) Е́вро
100%
6 Герма́ния (Федерати́вная Респу́блика Герма́ния) Е́вро
67%
7 Гре́ция (Гре́ческая Респу́блика) Е́вро
67%
8 Да́ния (Короле́вство Да́ния) Кро́на (Да́тская кро́на)
67%
9 Ирла́ндия (Респу́блика Ирла́ндия) Е́вро
67%
10 Испа́ния (Короле́вство Испа́ния) Е́вро
67%
11 Ита́лия (Италья́нская Респу́блика) Е́вро
67%
12 Ла́твия (Латви́йская Респу́блика) Е́вро
67%
13 Литва́ (Лито́вская Респу́блика) Е́вро
67%
14 Люксембу́рг (Вели́кое Ге́рцогство Люксембу́рг) Е́вро
67%
15 Ма́льта (Респу́блика Ма́льта) Е́вро
67%
16 Нидерла́нды (Короле́вство Нидерла́ндов) Е́вро
67%
17 Норве́гия (Короле́вство Норве́гия) Кро́на (Норве́жская кро́на)
67%
19 Португа́лия (Португа́льская Респу́блика) Е́вро
67%
20 Слова́кия (Слова́цкая Респу́блика) Е́вро
67%
21 Слове́ния (Респу́блика Слове́ния) Е́вро
67%
22 Украи́на Гри́вна (Украи́нская гри́вна)
67%
23 Финля́ндия (Финля́ндская Респу́блика) Е́вро
67%
24 Че́хия (Че́шская Респу́блика) Кро́на (Че́шская кро́на)
67%
25 Шве́ция (Короле́вство Шве́ция) Кро́на (Шве́дская кро́на)
67%
26 Эсто́ния (Эсто́нская Респу́блика) Е́вро
67%
5 Ве́нгрия Фо́ринт (Венге́рский фо́ринт)
33%
18 По́льша (Респу́блика По́льша) Зло́тый (По́льский зло́тый)
33%
No matching quizzes found
Score Distribution
Percent of People with Each Score
Percentile by Number Answered
Your Score History
You have not taken this quiz